ADAB YANG HILANG & PENGENALAN KITAB ADABUL INSAN / (Record no. 199050)

MARC details
000 -LEADER
fixed length control field 01539pam a2200409 i 4500
001 - CONTROL NUMBER
control field vtls001009047
003 - CONTROL NUMBER IDENTIFIER
control field PNM
005 - DATE AND TIME OF LATEST TRANSACTION
control field 20250226125100.0
008 - FIXED-LENGTH DATA ELEMENTS--GENERAL INFORMATION
fixed length control field 240510t20242024my ao g 000 0 may
015 ## - NATIONAL BIBLIOGRAPHY NUMBER
National bibliography number M24-09231
020 ## - INTERNATIONAL STANDARD BOOK NUMBER
International Standard Book Number 9786299950707
Qualifying information paperback
Terms of availability RM50.00
039 #9 - LEVEL OF BIBLIOGRAPHIC CONTROL AND CODING DETAIL [OBSOLETE]
Level of rules in bibliographic description 202501061529
Level of effort used to assign nonsubject heading access points hasnan
Level of effort used to assign subject headings 202412230952
Level of effort used to assign classification nabihah
Level of effort used to assign subject headings 202412230932
Level of effort used to assign classification nabihah
Level of effort used to assign subject headings 202410041010
Level of effort used to assign classification zulkifli
040 ## - CATALOGING SOURCE
Original cataloging agency BNM
Language of cataloging eng
Transcribing agency BNM
Modifying agency PPAK
Description conventions rda
049 ## - LOCAL HOLDINGS (OCLC)
Holding library mal
082 04 - DEWEY DECIMAL CLASSIFICATION NUMBER
Classification number 297.57
Edition number 23
090 00 - LOCALLY ASSIGNED LC-TYPE CALL NUMBER (OCLC); LOCAL CALL NUMBER (RLIN)
Classification number (OCLC) (R) ; Classification number, CALL (RLIN) (NR) 297.57
Feature heading BAH
Feature heading G
100 0# - MAIN ENTRY--PERSONAL NAME
Personal name Baharudin Ali Masrom Al-Haj,
Titles and words associated with a name Dr.,
Relator term author,
-- editor.
245 10 - TITLE STATEMENT
Title ADAB YANG HILANG & PENGENALAN KITAB ADABUL INSAN /
Statement of responsibility, etc. Baharudin Ali Masrom Al-Haj, Rasid Muhamad ; Editor: Dr. Bam Al-Haj ; Illustrator: Alyani
264 #1 - PRODUCTION, PUBLICATION, DISTRIBUTION, MANUFACTURE, AND COPYRIGHT NOTICE
Place of production, publication, distribution, manufacture Sepang, Selangor :
Name of producer, publisher, distributor, manufacturer Persatuan Kebajikan Orang Kurang Upaya (OKU) ,
Date of production, publication, distribution, manufacture, or copyright notice [2024]
Date of production, publication, distribution, manufacture, or copyright notice ©2024
300 ## - PHYSICAL DESCRIPTION
Extent xvi, 212 pages :
Other physical details illustrations, photographs ;
Dimensions 21 cm
336 ## - CONTENT TYPE
Content type term text
Source rdacontent
337 ## - MEDIA TYPE
Media type term unmediated
Source rdamedia
338 ## - CARRIER TYPE
Carrier type term volume
Source rdacarrier
500 ## - GENERAL NOTE
General note Contains verses from the Qur'an and verses from the Hadith
General note Jawi to rumi transliteration from Kitab Adabul Insan
504 ## - BIBLIOGRAPHY, ETC. NOTE
Bibliography, etc. note Bibliography: pages 207-208
650 10 - SUBJECT ADDED ENTRY--TOPICAL TERM
Topical term or geographic name entry element Islam
General subdivision Customs and practices
Topical term or geographic name entry element Religious life
General subdivision Islam
Topical term or geographic name entry element Muslims
General subdivision Conduct of life
Topical term or geographic name entry element Islamic ethics
700 0# - ADDED ENTRY--PERSONAL NAME
Personal name Rasid Muhamad,
Titles and other words associated with a name Prof. Madya,
Dates associated with a name 1959-
Relator term author.
Personal name Alyani,
Relator term illustrator.
942 ## - ADDED ENTRY ELEMENTS (KOHA)
Source of classification or shelving scheme Dewey Decimal Classification
Koha item type Book
949 ## - LOCAL PROCESSING INFORMATION (OCLC)
6 2000886214
6 2000886213
Holdings
Withdrawn Not for loan Current library Shelving location Date acquired Total Checkouts Full call number Barcode Date last seen Date last checked out Koha item type Total Renewals
    Perpustakaan Alor Setar Pinjaman Dewasa 04/03/2025 3 297.57 BAH A01866919 30/04/2026 14/04/2026 Book  
    Perpustakaan Awam Sungai Petani Pinjaman Dewasa 04/03/2025 1 297.57 BAH A01866920 11/08/2025 22/07/2025 Book 1
    Perpustakaan Baling Pinjaman Dewasa 04/03/2025   297.57 BAH A01866924 04/03/2025   Book  
    Perpustakaan Bandar Baharu Pinjaman Dewasa 04/03/2025   297.57 BAH A01866925 04/03/2025   Book  
    Perpustakaan Jitra Pinjaman Dewasa 04/03/2025   297.57 BAH A01866921 04/03/2025   Book  
    Perpustakaan Kulim Pinjaman Dewasa 04/03/2025   297.57 BAH A01866923 04/03/2025   Book  
    Perpustakaan Langkawi Pinjaman Dewasa 04/03/2025   297.57 BAH A01866922 04/03/2025   Book  
    Perpustakaan Merbok Pinjaman Dewasa 04/03/2025   297.57 BAH A01866926 04/03/2025   Book  
    Perpustakaan Pendang Pinjaman Dewasa 04/03/2025   297.57 BAH A01866930 04/03/2025   Book  
    Perpustakaan Sik Pinjaman Dewasa 04/03/2025   297.57 BAH A01866928 04/03/2025   Book  
    Perpustakaan Yan Pinjaman Dewasa 04/03/2025 1 297.57 BAH A01866927 06/11/2025 16/10/2025 Book  
    PD02, Kg. Banggol Besi, Pendang Pinjaman Dewasa 04/03/2025   297.57 BAH A01866931 04/03/2025   Book  
    PD06, Kg. Kepala Bukit, Pendang Pinjaman Dewasa 04/03/2025   297.57 BAH A01866932 04/03/2025   Book  
    PD07, Kg. Jelutong, Sik Pinjaman Dewasa 04/03/2025   297.57 BAH A01866933 04/03/2025   Book  
    PD08, Felda Gunung Bongsu, Kulim Pinjaman Dewasa 04/03/2025   297.57 BAH A01866934 04/03/2025   Book  
    PD12, Kg. Padang, Baling Pinjaman Dewasa 04/03/2025   297.57 BAH A01866935 04/03/2025   Book  
    PD20, Felda Lubuk Merbau, Pendang Pinjaman Dewasa 04/03/2025   297.57 BAH A01866936 04/03/2025   Book  
    PD21, Kg. Tengah, Jerlun Pinjaman Dewasa 04/03/2025   297.57 BAH A01866937 04/03/2025   Book  
    PD29, Kg. Gajah Putih, Sik Pinjaman Dewasa 04/03/2025   297.57 BAH A01866938 04/03/2025   Book  
    PD31, Kg. Gelam, Bedong Pinjaman Dewasa 04/03/2025   297.57 BAH A01866940 04/03/2025   Book  
    PD35, Kg. Sungai Daun, Yan Pinjaman Dewasa 04/03/2025   297.57 BAH A01866941 04/03/2025   Book  
    PD37, Kg. Belat, Pendang Pinjaman Dewasa 04/03/2025   297.57 BAH A01866942 04/03/2025   Book  
    PD38, KEDA Tanjung Setol, Pendang Pinjaman Dewasa 04/03/2025   297.57 BAH A01866943 04/03/2025   Book